000 00195 a2200097 4500
001 46806
100 _aKian V
245 _aGoing for it
260 _aLondon
_bCollins
_c
090 _c29899
_d29899
942 _aNUST-CAE
_cM
_c22111
999 _c281879
_d281879